| 000 | 00437nam a2200181Ia 4500 | ||
|---|---|---|---|
| 008 | 240925s9999 xx 000 0 und d | ||
| 020 | _aNA | ||
| 082 | _a620.004 OMU | ||
| 100 | _aOmura, George | ||
| 245 | 0 | _aMastering autocade 14 | |
| 250 | _aNA | ||
| 260 |
_aNew Delhi: _bBPB Publication _c,1997. |
||
| 300 |
_axxiii,839p. _bNA _fPirated |
||
| 500 | _aNA | ||
| 600 | _aElectronic Engineering | ||
| 650 | _aTechnology | ||
| 942 | _cBK | ||
| 999 |
_c4225 _d4225 |
||